000 01155cam a2200337 i 4500
999 _c1864
_d1864
001 21015751
003 OSt
005 20230213110415.0
008 190612s2016 gaua j b 000 0 eng
010 _a 2019300079
020 _a9781561459025
_q(paperback)
040 _aDLC
_beng
_erda
_cDLC
_dKH8
042 _apcc
082 0 0 _a597.8 STE
_223
100 1 _aStewart, Melissa,
_eauthor.
245 1 2 _aA place for frogs /
_cwritten by Melissa Stewart ; illustrated by Higgins Bond.
250 _aRevised edition.
264 1 _aAtlanta :
_bPeachtree,
_c[2016]
300 _a1 volume (unpaged) :
_bcolor illustrations ;
_c25 x 27 cm
336 _atext
_btxt
_2rdacontent
337 _aunmediated
_bn
_2rdamedia
338 _avolume
_bnc
_2rdacarrier
504 _aIncludes bibliographical references.
650 0 _aFrogs
_xHabitat
_vJuvenile literature.
650 0 _aNature
_xEffect of human beings on
_vJuvenile literature.
700 1 _aBond, Higgins,
_eillustrator.
906 _a7
_bcbc
_corigcop
_d2
_encip
_f20
_gy-gencatlg
942 _2ddc
_cNFIC